Desenhe todas as fronteiras dos países e países sem fronteiras - Statistics

Estatísticas Gerais
  • Esse quiz foi jogado 852 vezes
  • A pontuação média é 153 de 357
Respostas no mapa
Respostas codificadas por cores de uma escala verde-vermelha no mapa do quiz de acordo com a % correta abaixo.
 
Estatísticas das Respostas
ANSWER % Correto
Argentina-Brasil
73%
Bolívia-Brasil
69%
Canadá-Estados Unidos
69%
Brasil-Paraguai
68%
Brasil-Peru
68%
Brasil-Uruguai
68%
Estados Unidos-México
68%
Brasil-Colômbia
67%
Brasil-Guiana
67%
Argentina-Chile
66%
Brasil-França
66%
Brasil-Suriname
66%
Brasil-Venezuela
66%
Colombia-Venezuela
66%
Bolívia-Chile
65%
Argentina-Bolívia
64%
Argentina-Paraguai
64%
Argentina-Uruguai
64%
Bolívia-Peru
64%
Colômbia-Peru
64%
Chile-Peru
63%
Colômbia-Equador
63%
Equador-Peru
63%
Guiana-Venezuela
63%
Guiana-Suriname
62%
Austrália
60%
Cuba
60%
Guatemala-México
60%
Barbados
58%
Costa Rica-Panamá
58%
Espanha-Portugal
58%
Antígua e Barbuda
57%
China-Rússia
57%
Santa Lúcia
57%
Alemanha-França
56%
Cabo Verde
56%
Espanha-França
56%
França-Suriname
56%
Jamaica
56%
Madagascar
56%
Maldivas
56%
São Cristóvão e Névis
56%
São Tomé e Príncipe
56%
São Vicente e Granadinas
56%
Belize-México
55%
Bolívia-Paraguai
55%
Colômbia-Panamá
55%
Costa Rica-Nicarágua
55%
Granada
55%
Haiti-República Dominicana
55%
Honduras-Nicarágua
55%
Malta
55%
Nova Zelândia
55%
Rússia-Ucrânia
55%
Bélgica-França
54%
Dominica
54%
Estados Federados da Micronésia
54%
Japão
54%
Sri Lanka
54%
Bahamas
53%
Comores
53%
França-Itália
53%
Irlanda-Reino Unido
53%
Maurícia
53%
Mongólia-Rússia
53%
Palau
53%
Cazaquistão-Rússia
52%
Guatemala-Honduras
52%
Seychelles
52%
Alemanha-Polônia
51%
Andorra-Espanha
51%
Belize-Guatemala
51%
China-Índia
51%
Coreia do Norte-Coreia do Sul
51%
Fiji
51%
França-Suíça
51%
Kiribati
51%
Nauru
51%
Tuvalu
51%
China-Mongólia
50%
El Salvador-Guatemala
50%
Estônia-Rússia
50%
Finlândia-Rússia
50%
Ilhas Marshall
50%
Ilhas Salomão
50%
Itália-Vaticano
50%
Letônia-Rússia
50%
Noruega-Suécia
50%
Vanuatu
50%
Alemanha-Dinamarca
49%
Belarus-Rússia
49%
França-Luxemburgo
49%
Islândia
49%
Trinidad e Tobago
49%
Alemanha-Áustria
48%
Áustria-Itália
48%
Bahrein
48%
Finlândia-Suécia
48%
França-Mônaco
48%
Índia-Paquistão
48%
Itália-San Marino
48%
Itália-Suíça
48%
Samoa
48%
Alemanha-Países Baixos
47%
Alemanha-Suíça
47%
Arábia Saudita-Iêmen
47%
Arábia Saudita-Omã
47%
Argélia-Marrocos
47%
Bangladesh-Índia
47%
Bélgica-Países Baixos
47%
China-Coreia do Norte
47%
El Salvador-Honduras
47%
Tonga
47%
China-Vietname
46%
Eslovênia-Itália
46%
Índia-Nepal
46%
Lituânia-Rússia
46%
Argélia-Líbia
45%
Butão-Índia
45%
Cazaquistão-China
45%
China-Nepal
45%
Chipre
45%
Egito-Líbia
45%
Egito-Sudão
45%
Irão-Iraque
45%
Letônia-Lituânia
45%
Sudão-Sudão do Sul
45%
Taiwan
45%
África do Sul-Lesoto
44%
Alemanha-República Checa
44%
Estônia-Letônia
44%
Iêmen-Omã
44%
Afeganistão-Irão
43%
Afeganistão-Paquistão
43%
Alemanha-Bélgica
43%
Andorra-França
43%
Belarus-Ucrânia
43%
Birmânia-China
43%
Birmânia-Tailândia
43%
China-Laos
43%
Filipinas
43%
Geórgia-Rússia
43%
Romênia-Ucrânia
43%
Singapura
43%
África do Sul-Moçambique
42%
África do Sul-Namíbia
42%
Arábia Saudita-Emirados Árabes Unidos
42%
Arábia Saudita-Iraque
42%
Argélia-Mauritânia
42%
Azerbaijão-Rússia
42%
Bósnia e Herzegovina-Croácia
42%
Butão-China
42%
Camboja-Laos
42%
China-Paquistão
42%
Croácia-Eslovênia
42%
Indonésia-Papua Nova Guiné
42%
Irão-Turquia
42%
Laos-Vietname
42%
Marrocos-Mauritânia
42%
Moldávia-Ucrânia
42%
Níger-Nigéria
42%
Síria-Turquia
42%
África do Sul-Botswana
41%
Albânia-Grécia
41%
Arábia Saudita-Catar
41%
Argélia-Mali
41%
Argélia-Tunísia
41%
Armênia-Azerbaijão
41%
Armênia-Geórgia
41%
Belarus-Lituânia
41%
Bulgária-Romênia
41%
Camboja-Tailândia
41%
Camboja-Vietname
41%
Cazaquistão-Uzbequistão
41%
Chade-Líbia
41%
China-Tajiquistão
41%
Emirados Árabes Unidos-Omã
41%
Etiópia-Somália
41%
Iraque-Turquia
41%
Laos-Tailândia
41%
Polônia-Rússia
41%
Polônia-Ucrânia
41%
África do Sul-Essuatíni
40%
Angola-Namíbia
40%
Arábia Saudita-Jordânia
40%
Áustria-Hungria
40%
Áustria-República Checa
40%
Belarus-Polônia
40%
Bósnia e Herzegovina-Sérvia
40%
China-Quirguistão
40%
Grécia-Macedônia do Norte
40%
Israel-Jordânia
40%
Mali-Mauritânia
40%
Montenegro-Sérvia
40%
Turquemenistão-Uzbequistão
40%
Afeganistão-Turquemenistão
39%
África do Sul-Zimbábue
39%
Albânia-Macedônia do Norte
39%
Alemanha-Luxemburgo
39%
Angola-República Democrática do Congo
39%
Áustria-Eslovênia
39%
Belarus-Letônia
39%
Bélgica-Luxemburgo
39%
Bulgária-Grécia
39%
Chade-Sudão
39%
Croácia-Sérvia
39%
Etiópia-Sudão
39%
Finlândia-Noruega
39%
Indonésia-Timor-Leste
39%
Iraque-Síria
39%
Israel-Líbano
39%
Líbia-Níger
39%
Líbia-Sudão
39%
Líbia-Tunísia
39%
Polônia-República Checa
39%
Afeganistão-Uzbequistão
38%
Albânia-Montenegro
38%
Arábia Saudita-Kuweit
38%
Argélia-Níger
38%
Armênia-Turquia
38%
Cazaquistão-Quirguistão
38%
Cazaquistão-Turquemenistão
38%
Egito-Israel
38%
Eslováquia-Polônia
38%
Etiópia-Quênia
38%
Geórgia-Turquia
38%
Hungria-Romênia
38%
Irão-Paquistao
38%
Lìbano-Síria
38%
Liechtenstein-Suíça
38%
Lituânia-Polônia
38%
Mali-Níger
38%
Albânia-Kosovo
37%
Angola-Zâmbia
37%
Azerbaijão-Geórgia
37%
Botswana-Namíbia
37%
Bulgária-Sérvia
37%
Chade-Níger
37%
Etiópia-Sudão do Sul
37%
Hungria-Sérvia
37%
Indonésia-Malásia
37%
Irão-Turquemenistão
37%
Jordânia-Síria
37%
Mauritania-Senegal
37%
Moldávia-Romênia
37%
Quênia-Somália
37%
Quirguistão-Tajiquistão
37%
Romênia-Sérvia
37%
Tajiquistão-Uzbequistão
37%
Zâmbia-Zimbábue
37%
Angola-República do Congo
36%
Áustria-Suíça
36%
Bósnia e Herzegovina-Montenegro
36%
Brunei-Malásia
36%
Burkina Faso-Níger
36%
Eritreia-Etiópia
36%
Eslováquia-Hungria
36%
Eslováquia-República Checa
36%
Eslováquia-Ucrânia
36%
Gâmbia-Senegal
36%
Hungria-Ucrânia
36%
Kosovo-Sérvia
36%
Macedônia do Norte-Sérvia
36%
Afeganistão-Tajiquistão
35%
Azerbaijão-Irão
35%
Birmânia-Índia
35%
Birmânia-Laos
35%
Botswana-Zimbábue
35%
Bulgária-Macedônia do Norte
35%
Camarões-Nigéria
35%
Chade-República Centro-Africana
35%
Costa do Marfim-Gana
35%
Costa do Marfim-Libéria
35%
Guiné-Senegal
35%
Iraque-Jordânia
35%
Kosovo-Macedônia do Norte
35%
Moçambique-Tanzânia
35%
Moçambique-Zâmbia
35%
Quênia-Tanzânia
35%
República Centro-Africana-República Democrática do Congo
35%
República Centro-Africana-República do Congo
35%
República Democrática do Congo-Sudão do Sul
35%
Burkina Faso-Gana
34%
Burkina Faso-Mali
34%
Camarões-República do Congo
34%
Coreia do Norte-Rússia
34%
Gana-Togo
34%
Guiné-Guiné-Bissau
34%
Libéria-Serra Leoa
34%
Mali-Senegal
34%
Moçambique-Zimbábue
34%
Quênia-Sudão do Sul
34%
República Centro-Africana-Sudão
34%
República Centro-Africana-Sudão do Sul
34%
República Democrática do Congo-Tanzânia
34%
Afeganistão-China
33%
Benin-Togo
33%
Burkina Faso-Costa do Marfim
33%
Burkina Faso-Togo
33%
Burundi-Ruanda
33%
Camarões-Chade
33%
Camarões-Gabão
33%
Camarões-República Centro-Africana
33%
Costa do Marfim-Guiné
33%
Costa do Marfim-Mali
33%
Croácia-Hungria
33%
Djibouti-Eritreia
33%
Djibouti-Etiópia
33%
Eritreia-Sudão
33%
Grécia-Turquia
33%
Guiné-Libéria
33%
Guiné-Mali
33%
Guiné-Serra Leoa
33%
Noruega-Rússia
33%
Quênia-Uganda
33%
República Democrática do Congo-República do Congo
33%
República Democrática do Congo-Uganda
33%
República Democrática do Congo-Zâmbia
33%
Tanzânia-Zâmbia
33%
Áustria-Liechtenstein
32%
Benin-Burkina Faso
32%
Benin-Níger
32%
Benin-Nigéria
32%
Bulgária-Turquia
32%
Burundi-República Democrática do Congo
32%
Chade-Nigéria
32%
Gabão-República do Congo
32%
Iraque-Kuweit
32%
Malásia-Tailândia
32%
República Democrática do Congo-Ruanda
32%
Ruanda-Uganda
32%
Bangladesh-Birmânia
31%
Camarões-Guiné Equatorial
31%
Gabão-Guiné Equatorial
31%
Malawi-Moçambique
31%
Malawi-Tanzânia
31%
Malawi-Zâmbia
31%
Tanzânia-Uganda
31%
Áustria-Eslováquia
30%
Quirguistão-Uzbequistão
30%
Ruanda-Tanzânia
30%
Sudão do Sul-Uganda
30%
Burundi-Tanzânia
29%
Djibouti-Somália
29%
Espanha-Marrocos
29%
Israel-Síria
29%
Essuatíni-Moçambique
28%
Guiné-Bissau-Senegal
28%
Azerbaijão-Turquia
27%
Botswana-Zâmbia
27%
França-Países Baixos
27%
Kosovo-Montenegro
26%
Armênia-Irão
24%
Eslovênia-Hungria
24%
Espanha-Reino Unido
21%
Croácia-Montenegro
20%
Namíbia-Zâmbia
17%
Nenhum quiz correspondente encontrado
Distribuição das Pontuações
Porcentagem de Pessoas com Cada Pontuação
Percentil de Números Respondidos
Sua Pontuação Histórica
Você não jogou esse quiz